A relation of the successefull beginnings of the Lord Baltemore's plantation in Mary-land; (Record no. 52569)
[ view plain ]
| 000 -LEADER | |
|---|---|
| fixed length control field | 01554cam a22003251 4500 |
| 001 - CONTROL NUMBER | |
| control field | rc 01003428 |
| 003 - CONTROL NUMBER IDENTIFIER | |
| control field | DLC |
| 005 - DATE AND TIME OF LATEST TRANSACTION | |
| control field | 20260227111909.0 |
| 007 - PHYSICAL DESCRIPTION FIXED FIELD--GENERAL INFORMATION | |
| fixed length control field | cr ||||||||||| |
| 007 - PHYSICAL DESCRIPTION FIXED FIELD--GENERAL INFORMATION | |
| fixed length control field | cr_||||||||||| |
| 008 - FIXED-LENGTH DATA ELEMENTS--GENERAL INFORMATION | |
| fixed length control field | 940819r1865 nyu 000 0 eng |
| 010 ## - LIBRARY OF CONGRESS CONTROL NUMBER | |
| LC control number | rc 01003428 |
| 040 ## - CATALOGING SOURCE | |
| Original cataloging agency | DLC |
| Transcribing agency | CarP |
| Modifying agency | DLC |
| 043 ## - GEOGRAPHIC AREA CODE | |
| Geographic area code | n-us-md |
| 050 00 - LIBRARY OF CONGRESS CALL NUMBER | |
| Classification number | F184 |
| Item number | .R25 |
| 245 02 - TITLE STATEMENT | |
| Title | A relation of the successefull beginnings of the Lord Baltemore's plantation in Mary-land; |
| Remainder of title | being an extract of certaine letters written from thence, by some of the aduenturers to their friends in England. Anno Domini 1634. |
| 260 ## - PUBLICATION, DISTRIBUTION, ETC. | |
| Place of publication, distribution, etc. | Albany, N.Y., |
| Name of publisher, distributor, etc. | Reprinted by J. Munsell, |
| Date of publication, distribution, etc. | 1865. |
| 300 ## - PHYSICAL DESCRIPTION | |
| Extent | 3 p.l., 5-23, 1 p. |
| Dimensions | 22 cm. |
| 440 #0 - SERIES STATEMENT/ADDED ENTRY--TITLE | |
| Title | Shea's early Southern tracts ; |
| Volume/sequential designation | no. 1 |
| 500 ## - GENERAL NOTE | |
| General note | "Edition of 150 copies 4to, 30 copies large paper." |
| 500 ## - GENERAL NOTE | |
| General note | This is substantially the same as "A briefe relation of the voyage unto Maryland" by Andrew White, first pub. in Maryland Historical Society's Fund-publication, no. 35. |
| 530 ## - ADDITIONAL PHYSICAL FORM AVAILABLE NOTE | |
| Additional physical form available note | Also available in digital form on the Library of Congress Web site. |
| 530 ## - ADDITIONAL PHYSICAL FORM AVAILABLE NOTE | |
| Additional physical form available note | Also available in digital form on the Internet Archive Web site. |
| 651 #0 - SUBJECT ADDED ENTRY--GEOGRAPHIC NAME | |
| Geographic name | Maryland |
| General subdivision | Description and travel. |
| 651 #0 - SUBJECT ADDED ENTRY--GEOGRAPHIC NAME | |
| Geographic name | Maryland |
| General subdivision | History |
| Chronological subdivision | Colonial period, ca. 1600-1775. |
| 650 #0 - SUBJECT ADDED ENTRY--TOPICAL TERM | |
| Topical term or geographic name entry element | Indians of North America |
| Geographic subdivision | Maryland. |
| 700 1# - ADDED ENTRY--PERSONAL NAME | |
| Personal name | White, Andrew, |
| Dates associated with a name | 1579-1656. |
| Title of a work | Briefe relation of the voyage unto Maryland. |
| 856 41 - ELECTRONIC LOCATION AND ACCESS | |
| Path | lhbcb |
| Electronic name | 03428 |
| Electronic format type | s |
| Uniform Resource Identifier | <a href="http://hdl.loc.gov/loc.gdc/lhbcb.03428">http://hdl.loc.gov/loc.gdc/lhbcb.03428</a> |
| 856 41 - ELECTRONIC LOCATION AND ACCESS | |
| Uniform Resource Identifier | <a href="http://hdl.loc.gov/loc.gdc/scd0001.00143680058">http://hdl.loc.gov/loc.gdc/scd0001.00143680058</a> |
No items available.